000 00688nam a22001937i 4500
999 _c23646
_d23646
003 AR-CdUCM
008 260428b20222022 pe||||| |||| 00| 0 spa d
020 _a978-612-5013-11-8
040 _aMUNICIPALIDAD PROVINCIAL DEL CUSCO
_cBIBLIOTECA MUNICIPAL DEL CUSCO
041 _hspa
082 _22°ed.
_a869.57
_bB44J
100 _aBenjamín Cisneros, Luis
_952737
245 _aJulia o Escenas de la vida en Lima :
_bEdición critica de Agustín Prado Alvarado /
260 _aPerú:
_bEdiciones MyL SAC.
300 _a páginas. :
_c 22x14cm.
505 _aLuis Benjamín Cisneros, un poeta diplomático -- Escenas de la vida en Lima
942 _2ddc
_cLIBROS
945 _apbjr
_d28-04-2026